00771nam a2200277Ia 4500008004100000020001900041100002800060245001800088245006000106260001500166260002000181260000900201300001600210300002100226300001100247500004700258650001400305650003200319650002400351650001900375650002500394650002200419650002200441650002200463700000800485160803s9999 xx 000 0 und d a978-0064440042 aMinarik, Else Holmelund aLittle Bear / cby Else Holmelund Minarik ; pictures by Maurice Sendak. aNew York : bScholastic Inc. c1957 a63 pages :  billustrations ;  c23 cm. a"Printed in the U.S.A."--Title page verso. aBears --  aChildren's stories -- 1957. aChildren's stories. aFriendship --  aMothers and sons --  xJuvenile fiction. xJuvenile fiction. xJuvenile fiction. a370